000 00528nam a2200181Ia 4500
999 _c28985
_d28985
003 OSt
005 20201201103618.0
008 190216s9999||||xx |||||||||||||| ||und||
020 _a9788182644014
040 _coclc
082 _a894.8124
_bBAL/A
100 _aBalamaniamma
_97073
_d1909-
245 0 _aAmmayude Lokam /
_cBalamaniamma
260 _bMathrubhumi Printing And Publishing,
_aKozhikode:
_c2007.
300 _a160p
650 _aLekhanam
942 _cBK
_2ddc
_h894.8124
_iBAL/A
_k894.8124
_mBAL/A